[Event "Dubai op 6th"]
[Site "Dubai"]
[Date "2004.04.28"]
[Round "9"]
[White "Sasikiran, Krishnan"]
[Black "Goloshchapov, Alexander"]
[Result "1/2-1/2"]
[WhiteElo "2659"]
[BlackElo "2569"]
[Annotator "Lutz,C"]
[PlyCount "57"]
[EventDate "2004.04.19"]
[EventType "swiss"]
[EventRounds "9"]
[EventCountry "UAE"]
[SourceTitle "CBM 101"]
[Source "ChessBase"]
[SourceDate "2004.07.27"]
[SourceVersion "1"]
[SourceVersionDate "2004.07.27"]
[SourceQuality "1"]

1. Nf3 d5 2. d4 Nf6 3. c4 e6 4. Nc3 c6 5. e3 Nbd7 6. Bd3 dxc4 7. Bxc4 b5 8. Bd3
a6 9. e4 c5 10. e5 cxd4 11. Nxb5 axb5 12. exf6 gxf6 13. O-O Qb6 14. Qe2 {
Dies ist das kritische Abspiel in der Variante mit 11.axb5. Weiß verzichtet
auf den sofortigen Rückgewinn des Bauern, will sich aber dafür schnell
entwickeln.} Ba6 {Vielleicht ist 14...b4 vorzuziehen, zumindest hat Weiß
danach noch keinen Weg zum Vorteil gezeigt.} (14... b4 {1-0 Hillarp Persson,
T-Hector,J/Malmo/Copenhagen 2004/CBM 101/[Lutz] (41)}) 15. Rd1 $1 Rd8 {Schwarz
unterstützt indirekt den d-Bauern.} (15... Bc5 $6 16. a3 $16 {1/2-1/2 Gelfand,
B-Shirov,A/Linares 1997/CBM 57/[Shirov] (44)}) (15... Nc5 16. Nxd4 Nxd3 17.
Qxd3 Rd8 18. Be3 e5 (18... Bc5 19. Qe4 {/\ b4}) 19. Re1 Be7 (19... exd4 $2 20.
Bxd4+ Be7 21. Qa3 $1 $18) 20. Nf5 Rxd3 21. Bxb6 $16 {Romanov,O}) 16. b4 $5 (16.
a4 Nc5 17. axb5 Bb7 18. Bc2 Rg8 19. Bf4 Rg4 20. Bg3 h5 21. Kh1 Ne4 22. Bxe4
Rxe4 $132 {1-0 Seres,L-Mann,G/HUN 1998/EXT 2000 (38)}) (16. Bf4 $5 Nc5 17. Rac1
Nxd3 18. Qxd3 $13 {1-0 Huzman,A-Kuczynski,R/Ohrid 2001/CBM 84/[Lutz] (61)})
16... Bxb4 17. Rb1 Bc3 (17... Bc5 $5 18. Bf4 (18. Bxb5 Bxb5 19. Rxb5 Qa7 20.
Bb2 Qxa2 21. Nxd4 Bxd4 22. Rxd4 O-O 23. h4 Ne5 24. Rg4+ Ng6 25. h5 e5 26. hxg6
hxg6 27. Rxe5 fxe5 28. Qxe5 Qb1+ 29. Kh2 f6 30. Qe6+ Rf7 31. Bxf6 Kf8 32. Rh4 {
1-0 Sundararajan,K-Sriram,J/Mumbai 2000/CBM 76 ext (32)}) 18... Rg8 19. Bg3 Ra8
20. a3 $5 $40 {1-0 Tkachiev,V-Van der Wiel,J/Cannes 1999/CBM 74/[Lutz] (40)})
18. Ba3 $146 {Weiß verhindert die schwarze Rochade. Es gibt aber auch
Alternativen:} (18. Bxb5 Bxb5 19. Rxb5 Qc6 20. Bb2 Rg8 21. g3 Rg4 22. Nxd4 Rxd4
23. Rxd4 Bxd4 24. Bxd4 Ra8 25. Rb2 (25. Rb4 Qc1+ 26. Kg2 Qc6+ 27. Kg1 Qc1+ 28.
Kg2 Qc6+ {1/2-1/2 Cifuentes Parada,R-Korneev,O/Seville 2001/CBM 80 ext (28)})
25... Ra4 {1/2-1/2 Avrukh,B-Vera,R/Bled 2002/EXT 2003 (25)}) (18. a4 $5 Nc5 19.
Bxb5+ Bxb5 20. Rxb5 Qa6 (20... Qc6 {Milov,V} 21. Qc4 Rc8 22. Nxd4 Bxd4 23. Qxd4
Rg8 24. g3 $16) (20... Qc7 {Milov,V} 21. Ba3 Nxa4 22. Rdb1 $16) (20... Qa7 {
Milov,V} 21. Ba3 d3 22. Bxc5 dxe2 23. Rxd8+ Kxd8 24. Bxa7 Kd7 25. Be3 e1=Q+ 26.
Nxe1 Bxe1 27. Rb7+ Kd6 28. Kf1 Bc3 29. Rxf7 $16) 21. g3 $1 d3 $6 (21... Qc6 $5
{Milov,V} 22. Ne5 $5 Qe4 23. Qxe4 Nxe4 24. Nc6 Rc8 25. Ba3 Rxc6 26. Rb8+ Kd7
27. Rxh8 Ra6 $13) 22. Qf1 (22. Qa2 $2 {Milov,V} Qxa4) (22. Qe3 $2 {Milov,V}
Nxa4) 22... Qc6 (22... Nxa4 {Milov,V} 23. Rxd3 Rc8 24. Ba3 Nb6 25. Rb3 Nd5 26.
Qb1 Qc4 27. Rb5 $40) 23. Ba3 Qxf3 24. Bxc5 $16 {1-0 Milov,V-Borovikov,V/Dos
Hermanas 2004/CBM 99 ext/[Milov,V] (33)}) 18... Qc6 (18... Qa5 19. Bd6 $5) 19.
Bxb5 Bxb5 20. Rxb5 Ra8 21. Bb4 Rxa2 {So hat sich Schwarz das Ganze gedacht,
aber es gibt noch eine versteckte Pointe, die diese Abwicklung gut für Weiß
erscheinen lässt.} (21... Bxb4 22. Rxb4 O-O 23. Nxd4 $40 {mit Angriff}) 22.
Nxd4 $1 (22. Qxa2 Qxb5 23. Bxc3 dxc3 24. Qa8+ Nb8 {bringt Weiß nichts ein,
Schwarz kann immer noch kurz rochieren.}) 22... Bxd4 23. Qxa2 Rg8 (23... Bxf2+
24. Kxf2 Qxb5 25. Qa8+ Qb8 26. Ra1) 24. g3 Bxf2+ 25. Kxf2 Qxb5 26. Qa8+ Qb8 (
26... Nb8 27. Bd6 Qb6+ 28. Ke2 Qb5+ 29. Rd3 $18) 27. Qa4 $2 (27. Ra1 $1 {
hätte eine Figur gewonnen, da Schwarz machtlos gegen 28.Bd6! ist} Rg5 28. Bd6
Qxa8 29. Rxa8+ Nb8 30. Rxb8+ Kd7 31. Bf4 $18) 27... Qb6+ 28. Ke2 Qb7 29. Rxd7 (
29. Rxd7 Qxd7 30. Qa8+ Qd8 31. Qc6+ Qd7 32. Qa8+ $11) 1/2-1/2

[Event "Julian Borowski-A 4th"]
[Site "Essen"]
[Date "2002.05.20"]
[Round "5"]
[White "Krasenkow, Michal"]
[Black "Fridman, Daniel"]
[Result "1/2-1/2"]
[WhiteElo "2641"]
[BlackElo "2571"]
[Annotator "Lutz,C"]
[PlyCount "65"]
[EventDate "2002.05.16"]
[EventType "tourn"]
[EventRounds "9"]
[EventCountry "GER"]
[EventCategory "16"]
[SourceTitle "CBM 090"]
[Source "ChessBase"]
[SourceDate "2002.09.20"]
[SourceVersion "1"]
[SourceVersionDate "2002.09.20"]
[SourceQuality "1"]

1. d4 d5 2. c4 c6 3. Nc3 Nf6 4. e3 e6 5. Nf3 Nbd7 6. Bd3 dxc4 7. Bxc4 b5 8. Bd3
a6 9. e4 c5 10. e5 cxd4 11. Nxb5 Ng4 (11... Nxe5 {und}) (11... axb5 {sind
populärer.}) 12. Nd6+ $6 (12. Qa4 Bb7 13. Nbxd4 {erscheint wie die kritische
Variante.}) 12... Bxd6 13. exd6 Qa5+ $1 {Dieses Schach ist die beste
Fortsetzung. Auf d5 nimmt die Dame eine gute Position ein, und die schwarzen
Bauern im Zentrum geben gutes Gegenspiel.} 14. Qd2 (14. Bd2 Qd5 15. O-O (15.
Qa4 Nge5 (15... e5 16. O-O O-O 17. Rfe1 Rb8 18. Rac1 $13 {Chekhov}) 16. Nxe5
Qxe5+ 17. Kf1 O-O 18. Re1 Qf6 19. Rc1 $13 {1/2-1/2 Ayapbergenov,A-Volzhin,A/
Volgograd 1994/CBM 41 (51)}) 15... Nge5 (15... O-O 16. Re1 Ngf6 17. Bf4 Bb7 18.
Bf1 Rfe8 19. Be5 Nxe5 20. Rxe5 Qxd6 21. Qxd4 Red8 22. Qxd6 Rxd6 23. Ra5 Rc8 $15
{1/2-1/2 Ballicora,M-Ciaffone,R/USA 1998/EXT 2002 (70)}) 16. Nxe5 Nxe5 17. Bf4
(17. Bb4 $6 a5 18. d7+ Bxd7 19. Ba3 Bc6 20. f3 Nxd3 21. Qxd3 Bb5 22. Qc2 Bxf1
23. Rxf1 d3 24. Qc3 f6 $19 {Illescas Cordoba,M-Oll,L/Groningen PCA 1993/0-1 
(36)}) 17... Bb7 18. f3 Nxd3 19. Qxd3 O-O $15 {Cvitan,O-Chernin,A/Debrecen/
1992/0.5 (38)}) (14. Nd2 $5 Ngf6 15. O-O Bb7 16. f3 Rc8 17. Nc4 Qd5 18. b3 O-O
19. Qe2 Rfe8 20. Ba3 e5 21. Nd2 Nc5 22. Rac1 Qxd6 23. Ne4 Nfxe4 24. Bxe4 Bxe4
25. fxe4 Qb6 26. Qc4 Ne6 27. Qxc8 Rxc8 28. Rxc8+ Nd8 29. Bc5 {1-0 Schmidt,
F-Meyerhold,S/Schleswig Holstein 1996/EXT 2002 (29)}) 14... Qd5 15. Qg5 Qxg5
16. Bxg5 f6 (16... Nc5 17. Be2 f6 18. Bd2 e5 19. O-O Ne4 20. Bb4 $13 {1/2-1/2
Greenfeld,A-Gurevich,D/Beersheba 1993/CBM 38 (43)}) 17. Bd2 Nc5 18. Bb1 e5 {
Zwar ist der weiße Freibauer auf d6 nicht von schlechten Eltern (besonders in
Verbindung mit dem schwarzfeldrigen Läufer), aber die schwarzen Zentralbauern
sind ebenfalls eine Macht.} 19. Bb4 Na4 20. Be4 Rb8 21. Rc1 Be6 22. Ba3 O-O 23.
O-O Nxb2 {Weiß erhält langsam eine schlechtere Stellung.} 24. d7 Rfd8 25. Bd6
Rb5 26. Be7 Rxd7 27. Rc8+ Kf7 28. Ba3 g6 29. Bc6 Rdb7 (29... Ra7 $5 $17 {/\}
30. Rd8 (30. Be8+ Kg7) 30... Nd3 31. Be8+ Kg7 32. Bf8+ Kxf8 33. Bxb5+ Ke7 34.
Re8+ Kf7) 30. Bxb7 Rxb7 31. Rf8+ Kg7 32. Ra8 Nd3 33. h3 (33. h3 Ngxf2 34. Rxf2
Nxf2 35. Kxf2 Bxa2 36. Rxa6 {, und das Remis erscheint wie das
wahrscheinlichste Resultat, obwohl ich eher mit Schwarz spielen würde.})
1/2-1/2

[Event "St Petersburg-ch"]
[Site "St Petersburg"]
[Date "2002.04.23"]
[Round "7"]
[White "Lugovoi, Aleksei"]
[Black "Ivanov, Sergey"]
[Result "1/2-1/2"]
[WhiteElo "2510"]
[BlackElo "2546"]
[Annotator "Lutz,C"]
[PlyCount "155"]
[EventDate "2002.04.16"]
[EventType "tourn"]
[EventRounds "9"]
[EventCountry "RUS"]
[EventCategory "9"]
[SourceTitle "CBM 089"]
[Source "ChessBase"]
[SourceDate "2002.08.12"]
[SourceVersion "1"]
[SourceVersionDate "2002.08.12"]
[SourceQuality "1"]

1. d4 {Hecht} d5 2. c4 c6 3. Nc3 Nf6 4. Nf3 e6 5. e3 Nbd7 6. Bd3 dxc4 7. Bxc4
b5 8. Bd3 a6 9. e4 c5 10. e5 cxd4 11. Nxb5 Ng4 12. Qa4 Ngxe5 $6 {Das
theoretische Urteil zu dieser Variante lautete bislang, dass Weiß ein
günstiges Endspiel erreicht. Auch diese Partie kann daran nichts ändern.} (
12... Bb7 13. Nbxd4 Qb6 14. O-O Bc5 15. h3 Bxf3 16. hxg4 Bd5 $13) 13. Nxe5 Nxe5
14. Nd6+ Ke7 15. Nxc8+ Rxc8 (15... Kf6 $6 16. Bxa6 $1 (16. Be4 $6 Rxc8 17. h4
h6 18. O-O $6 Rc4 19. Qd1 d3 20. Re1 Rxc1 $1 21. Rxc1 d2 22. Rf1 Qd4 $19 23.
Rc2 Qxe4 24. Rxd2 Bc5 25. Re1 Qxh4 26. Qc2 Bb4 27. Rxe5 Bxd2 28. g3 Qd4 29. Re4
Qd5 {0-1 Miles,A-Kasparov,G/Basel 1986/MCL/[Chekhov] (29)}) 16... Bc5 (16...
Qxc8 $2 17. Qxd4 Qxa6 18. Qh4+ $18 {Chekhov}) (16... Nd3+ 17. Kf1 Nb4 18. Qd1
$1 $16 {Chekhov}) 17. Qb5 Qd5 18. O-O Raxc8 19. Bxc8 Rxc8 20. Bg5+ $1 Kxg5 21.
f4+ $40 {1-0 Buguero,L-Garcia,G/Maracaibo/1987 (26)}) 16. Bxa6 Ra8 17. Qb5 Qd5
18. Qxd5 (18. O-O $6 {macht weniger Sinn, da Schwarz dann nicht seine Bauern
verdoppeln muss.} Qxb5 19. Bxb5 Kf6 20. Bd2 Bc5 21. b4 Bb6 22. a4 d3 23. Rac1
Bd4 24. Rfd1 Rhc8 25. Rxc8 Rxc8 26. Be1 Rc2 27. h3 Bc3 28. Bxc3 Rxc3 29. a5 Kf5
$13 {0-1 Dreev,A-Filippov,V/Samara 1998/CBM 67 (45)}) 18... exd5 19. Bb5 Kf6
20. O-O Bd6 (20... Bc5 21. Bf4 Nc4 22. Bc6 (22. b3 $5) 22... Ra6 23. Bb7 Rb6
24. Bxd5 Nxb2 25. Bc7 Ra6 26. Rab1 Ra7 27. Bg3 $2 (27. Rxb2 $11) 27... Na4 28.
Rb5 Rc8 29. Bb7 Nc3 30. Rb2 Re8 31. Bf3 Rxa2 $17 {0-1 Avrukh,B-Krivoshey,S/ICC
INT 2001/CBM 81 ext (52)}) (20... Bb4 21. Bf4 Rhc8 22. Rfd1 (22. a4 Nc4 23.
Rad1 $1 Nxb2 $2 (23... g5 $1 24. Bc1 Bc5 $1 25. b3 Nd6 26. Bd3 Rab8 $13 {Ribli}
) 24. Rxd4 $16 {1-0 Speelman,J-Ribli,Z/Subotica 1987/CBM 03/[Ribli] (34)})
22... Ng6 23. Bd2 Bd6 24. a4 Rc2 25. Rab1 Ne5 26. Be1 d3 27. b3 Bc5 28. Bxd3
Nxd3 29. Rxd3 $16 {1-0 Khalifman,A-Kuijf,M/Rotterdam 1988/CBM 09 (42)}) 21. a4
Rhc8 $146 (21... Rhb8 22. Rb1 Bc5 23. b3 Rc8 24. Bb2 Bb6 25. Rfd1 Nc6 26. Bxc6
Rxc6 27. Bxd4+ Bxd4 28. Rxd4 $16 {1-0 Kiss,P-Schoepper,O/Dortmund 1988/TD (44)}
) 22. Rd1 d3 23. b3 Rc3 24. Rb1 Rac8 25. Be3 (25. Bb2 d4 26. f4 Nc6 27. Bxc3
dxc3 28. Rxd3 Nd4 $132) 25... Bc5 26. Bxc5 R8xc5 27. f4 Nc6 28. Bxd3 {Die
Verwertung des weißen Mehrbauerns gestaltet sich schwierig.} Nb4 29. Be2 Kf5
30. Rd4 Nc6 31. g4+ Ke6 32. Rd2 Rc2 33. Rbd1 Rxd2 34. Rxd2 Rc1+ 35. Kf2 Rb1 36.
Bd1 Kd6 37. Ke3 Kc5 38. Rc2+ Kd6 39. Rd2 Kc5 40. Bc2 d4+ 41. Kf2 Rb2 42. Ke1
Nb4 43. Kd1 Na2 44. h4 g6 45. g5 Nc3+ 46. Kc1 Ra2 47. b4+ Kc4 48. Bd3+ Kxb4 49.
Rxa2 Nxa2+ 50. Kd2 Nc3 51. a5 Kxa5 52. Bc4 Ne4+ 53. Kd3 Nd6 54. Kxd4 Nf5+ 55.
Ke5 Nxh4 56. Bxf7 Kb6 57. Bg8 Kc7 58. Bxh7 Kd8 59. Bg8 (59. Kd6 {Hecht} Ke8 60.
Ke6 Kf8 61. Kf6 Ng2 62. Bxg6 Nxf4 63. Bf7 $18) (59. Kf6 {Hecht} Ng2 60. f5 gxf5
61. Ke5 $1 Nh4 62. Kf4 Ng2+ 63. Kf3 Ne1+ 64. Kg3 Nd3 65. g6 Nc5 66. g7 Ne4+ 67.
Kf4 Nf6 68. Kxf5 Ke7 69. Bg6 Ng8 70. Bh5 Nf6 71. Kg6 Ng8 72. Be2 Nf6 73. Bc4
$18) 59... Ke7 60. Bd5 Nf5 61. Be4 Nh4 62. Kd5 Kd7 63. Bd3 Ng2 64. Ke5 Nh4 65.
Bc2 Kd8 66. Bd3 Kd7 67. Bb1 Kd8 68. Kd6 Ng2 69. Bxg6 Nxf4 70. Bf7 Ng2 71. Ke6
Nh4 72. Kf6 Kd7 73. Bd5 Ke8 74. Be6 Kf8 75. Bf7 Nf5 76. g6 Ng7 77. Kg5 Ke7 78.
Bb3 {Hecht: 'Der schwarze Springer hat entweder das Feld h5 oder das Feld e6
bei dem weißen König auf h7. Steht er auf h6 mit dem Läufer auf d7, so geht
Kg8.'} 1/2-1/2

[Event "Beersheba-Peterburg Kings m"]
[Site "St Petersburg"]
[Date "1999.06.07"]
[Round "3"]
[White "Avrukh, Boris"]
[Black "Ivanov, Sergey"]
[Result "1-0"]
[WhiteElo "2609"]
[BlackElo "2528"]
[Annotator "Lutz,C"]
[PlyCount "65"]
[EventDate "1999.06.??"]
[EventType "schev"]
[EventRounds "10"]
[EventCountry "RUS"]
[SourceTitle "CBM 072"]
[Source "ChessBase"]
[SourceDate "1999.10.01"]
[SourceVersion "1"]
[SourceVersionDate "1999.10.01"]
[SourceQuality "1"]

1. d4 d5 2. c4 e6 3. Nc3 c6 4. e3 Nf6 5. Nf3 Nbd7 6. Bd3 dxc4 7. Bxc4 b5 8. Bd3
a6 9. e4 c5 10. e5 cxd4 11. Nxb5 Nxe5 12. Nxe5 axb5 13. Bxb5+ Bd7 14. Nxd7 Qa5+
15. Bd2 Qxb5 16. Nxf8 Rxf8 17. a4 Qc4 18. a5 $5 $146 {Eine interesante
Neuerung. Weiß hat nun die Möglichkeit Ra4.} (18. b3 Qd3 19. Qf3 Qe4+ $1 20.
Qxe4 Nxe4 21. b4 Ke7 22. f3 Nc3 $11 23. Bxc3 dxc3 24. Ke2 Rfd8 25. Rhd1 c2 26.
Rdc1 $146 Rd4 27. Rxc2 Rxb4 28. a5 {1/2-1/2 Kramnik,V-Kasparov,G/Wijk aan Zee
1999/CBM 69/[Lutz] (28)}) 18... Nd5 (18... Kd7 $5 {ist möglicherweise eine
Verbesserung:} 19. h4 (19. Ra4 Qd3) 19... Rfb8 20. Ra4 Qd3) 19. h4 {Das
Gegenstück zu 18.a5: Weiß will den Turm über h3 aktivieren.} Kd7 (19... Ke7 $5
20. b3 (20. Ra4 Qb5 (20... Qd3 $2 21. Bg5+ $18) 21. Rxd4 Qxb2 22. O-O Rfc8 $132
) 20... Qc7 21. O-O Rfb8 22. Qg4 Rxb3 23. Qxd4 $14) 20. Ra4 Qd3 21. Rh3 Qe4+
22. Kf1 Rfb8 (22... e5 $5) 23. Bc3 $1 {Ein überraschender taktischer Schlag,
allerdings sollte Schwarz sich halten können.} Nxc3 (23... e5 24. Bxd4 exd4 25.
Rxd4 $18) 24. Rxd4+ Ke8 25. Rxc3 Qe5 26. Qa4+ Qb5+ $2 {Nach 26...Kf8 sehe ich
keinen klaren Weg zu weißem Vorteil.} (26... Kf8 $1 27. Qa3+ (27. Rdc4 Rxa5 28.
Rc8+ Rxc8 29. Rxc8+ Ke7 30. Qe8+ Kf6 31. Qd8+ Kg6 {favorisiert höchstens
Schwarz}) (27. Qd7 Qxa5 28. Rc7 Qf5 29. Kg1 Kg8 $13) 27... Ke8 (27... Kg8 28.
Rcd3 $5) 28. Rb4 Rd8 29. Qa4+ Kf8 30. Rb5 Rd1+ 31. Qxd1 Qxb5+ $11) 27. Qxb5+
Rxb5 28. b4 $18 {Jetzt ist es aus.} Rab8 29. Rc7 e5 (29... Rxb4 30. Rxb4 Rxb4
31. a6 Rb8 32. a7 Ra8 33. Rb7 $18) 30. Rg4 g6 31. a6 Ra8 32. a7 Rd5 33. Rgc4
1-0

[Event "EU-chT (Men) 14th"]
[Site "Plovdiv"]
[Date "2003.10.17"]
[Round "6.1"]
[White "Lautier, Joel"]
[Black "Acs, Peter"]
[Result "0-1"]
[WhiteElo "2666"]
[BlackElo "2593"]
[Annotator "Lutz,C"]
[PlyCount "76"]
[EventDate "2003.10.10"]
[EventType "team-swiss"]
[EventRounds "9"]
[EventCountry "BUL"]
[SourceTitle "CBM 098"]
[Source "ChessBase"]
[SourceDate "2004.02.03"]
[SourceVersion "1"]
[SourceVersionDate "2004.02.03"]
[SourceQuality "1"]
[WhiteTeam "France"]
[BlackTeam "Hungary"]
[WhiteTeamCountry "FRA"]
[BlackTeamCountry "HUN"]

1. d4 d5 2. c4 c6 3. Nc3 Nf6 4. e3 e6 5. Nf3 Nbd7 6. Bd3 dxc4 7. Bxc4 b5 8. Bd3
a6 9. e4 c5 10. e5 cxd4 11. Nxb5 axb5 12. exf6 gxf6 13. O-O Qb6 14. Qe2 $5 {
Wegen dieses Zuges stand die Variante 11...axb5 für einige Zeit unter Beschuss,
aber möglicherweise sind die Dinge nicht so klar. Weiß möchte seinen
Entwicklungsvorsprung ausnutzen und gegen den schwarzen König spielen. Dafür
muss er aber vorerst mit einem Minusbauern spielen.} (14. Be4 Bb7 $11) 14... b4
{Dies ist der kritische Zug.} (14... Ba6 {erscheint dubios:} 15. Rd1 Bc5 (15...
Nc5 16. Nxd4 Rd8 17. Be3 Nxd3 18. Qxd3 Qb7 19. Qb3 Rg8 20. f3 Rd5 21. Rac1 Qd7
22. Ne2 Rxd1+ 23. Rxd1 Qc8 24. Nc3 Bb7 25. Qxb5+ Bc6 26. Qe2 Qb7 27. Ne4 Be7
28. Kh1 f5 29. Nd6+ Bxd6 30. Rxd6 h5 31. Bc5 Rg6 32. Qe5 {1-0 Wells,
P-Ivanisevic,I/Szeged 1997/CBM 62/[Lutz] (32)}) 16. a3 Bb7 (16... Bd6 17. b4
Ne5 18. Be4 Bb7 19. Nxd4 $16) 17. Bxb5 Rg8 18. b4 $40 {1/2-1/2 Gelfand,
B-Shirov,A/Linares 1997/CBM 57/[Shirov] (44)} (18. Bf4 $16 {Gelfand})) 15. Rd1
Bc5 {Schwarz klammert sich an seinen Bauern.} (15... Bb7 $5 16. Nxd4 Rg8 17.
Nf3 Ne5 18. Be4 Rg4 19. Nxe5 Rxe4 20. Qd3 Bd5 $2 (20... Rd8 $5) 21. Nd7 $1 Qd8
22. Nxf8 Kxf8 23. Be3 Kg7 24. f3 Rc4 25. b3 Rcc8 26. Qd4 Qe7 27. Rac1 Rab8 $2
28. Rxc8 Rxc8 29. Qg4+ Kh8 30. Rxd5 Rg8 31. Qe4 {1-0 Wells,P-Peschel,A/
Regensburg 1998/EXT 2000 (31)}) 16. a4 {Wenn Schwarz diesen Bauern en passant
schlägt, öffnen sich Linien am Damenflügel, die Weiß für seine Initative
nutzen kann. Schlägt Schwarz nicht, hat Weiß immerhin seinen rückständigen
a-Bauern in einen Freibauern umgewandelt.} (16. Bf4 $5 {ist eine andere
Möglichkeit für Weiß:} Bb7 (16... h5 $5 17. Rac1 Rg8 18. Bg3 Rxa2 19. Bb5 Ke7
20. Nxd4 Bxd4 21. Qc4 Rxg3 $19 22. hxg3 Bxf2+ 23. Kh1 Rxb2 24. Qxc8 Qxb5 25.
Qc7 f5 26. Qd6+ Kf6 27. Rc7 Bc5 28. Qf4 Ne5 29. Re1 Ng6 30. Qf3 Rf2 31. Qd1 Bb6
32. Rc8 b3 {0-1 Milov,V-Filippov,V/Merida 2002/CBM 91 ext (32)}) 17. Be4 Ba6 (
17... Ra7 18. Bxb7 Rxb7 19. Rac1 $36) 18. Qd2 Rd8 19. Rac1 h5 $2 (19... e5 $5)
20. Nxd4 $1 $16 Nb8 $2 21. Rxc5 $1 $18 Qxc5 22. Bxb8 {1-0 Tkachiev,V-David,A/
Cannes 1999/CBM 74/[Lutz] (22)}) 16... bxa3 (16... h5 $5 17. Bf4 Kf8 18. Qd2
Bb7 19. Be2 Rg8 20. Bg3 Bd5 21. Nxd4 Rg5 22. Nf3 Rxg3 23. hxg3 Bxf2+ 24. Kh2
Nc5 25. Qh6+ Ke7 26. Rxd5 exd5 27. Nh4 Qe6 28. Qxh5 Rg8 29. Nf5+ Kd8 30. Bf3
Kc7 31. Rf1 Nd3 32. Qh7 Qe8 33. Ng7 Bxg3+ 34. Kxg3 Qe5+ 35. Kg4 Qg5+ 36. Kh3
Rxg7 {0-1 Krivoshey,S-Pavasovic,D/Graz 2001/EXT 2002 (36)}) 17. bxa3 Bb7 18.
Be4 $146 {Mir ist nicht klar, ob Lautier die Partie seines Gegners aus dem
gleichen Turnier (einige Runden zuvor) kannte. Sein Zug stellt eine Neuerung
dar, die aber nicht beeindrucken kann.} (18. a4 Rd8 19. a5 Qc6 20. Bb5 Qd5 21.
Ba3 Rg8 22. Kf1 Bxa3 23. Rxa3 Qc5 24. Qb2 Bxf3 25. Rxf3 Rg5 26. Bxd7+ Rxd7 27.
Ra3 Qc6 28. f3 Qa6+ 29. Kg1 Rxa5 30. Rxa5 Qxa5 31. Ra1 Qc3 32. Ra8+ Ke7 {
0-1 Van der Stricht,G-Acs,P/Plovdiv 2003/CBM 98 no vc (32)}) 18... Ba6 19. Qe1
Rd8 20. Bd2 Qd6 21. Ba5 Rb8 22. Bb4 d3 {Schwarz weigert sich, seinen
Mehrbauern ohne Kampf aufzugeben.} 23. Qc3 Ke7 24. Qd4 $4 {Dieser Fehler ist
mir nicht erklärlich. Nach anderen Zügen gewinnt Weiß zwar auch nicht direkt
seinen Minusbauern zurück, hat aber wegen der offenen schwarzen Königsstellung
ausreichende Kompensation.} (24. Bxd3 Bxb4 25. axb4 Rhc8 26. Qa3 Bxd3 27. Rxd3
Qxb4 28. Qa7 Rb7 29. Qe3 $44) (24. Rab1 $44) 24... Bxd4 25. Bxd6+ Kxd6 26. Nxd4
Nc5 $19 {Nun hat Schwarz einfach einen glatten Mehrbauern im Endspiel.} 27. Bf3
Rhc8 28. Rac1 Na4 29. h3 Nc3 30. Rd2 Ke5 31. Nc6+ Rxc6 32. Bxc6 Ne2+ 33. Rxe2+
dxe2 34. Bf3 Kd4 35. Re1 Rb2 36. Bh5 Kd3 37. f4 Ke3 38. Bxf7 Bd3 0-1

[Event "Lost Boys op"]
[Site "Antwerp"]
[Date "1998.08.08"]
[Round "8"]
[White "Azmaiparashvili, Zurab"]
[Black "Gurevich, Mikhail"]
[Result "1-0"]
[WhiteElo "2655"]
[BlackElo "2610"]
[Annotator "Meulders,R"]
[PlyCount "55"]
[EventDate "1998.08.??"]
[EventType "swiss"]
[EventRounds "9"]
[EventCountry "BEL"]
[SourceTitle "CBM 067"]
[Source "ChessBase"]
[SourceDate "1998.11.30"]
[SourceVersion "2"]
[SourceVersionDate "1998.11.01"]
[SourceQuality "1"]

1. d4 d5 2. c4 c6 3. Nc3 Nf6 4. Nf3 e6 5. e3 Nbd7 6. Bd3 dxc4 7. Bxc4 b5 8. Bd3
a6 9. e4 c5 10. e5 cxd4 11. Nxb5 axb5 12. exf6 Bb7 13. O-O (13. fxg7 Bxg7 14.
O-O O-O 15. Re1 Nc5 16. Bxh7+ Kh8 17. Ng5 f5 18. Qh5 Rf6 19. Rxe6 Bh6 20. Bg6
Kg7 21. Nf7 {1-0 Wells,P-MurshedBCF-ch 1990}) 13... gxf6 {Alternative sind 13..
.Qxf6 und 13...Qb6.} 14. Nxd4 (14. Bxb5 Rg8 15. Bf4 Ra5 16. a4 Rxb5 17. axb5
Ne5 18. Bxe5 fxe5 19. Ra7 Qd5 20. Rxb7 Qxb7 21. g3 Bd6 22. Re1 {und jetzt
führt 22...f6 zu gleichen Chancen} f6 {1/2-1/2 Botvinnik,M-Simagin,V/URS-ch19
1951/URS-ch (41)}) 14... Rg8 15. f3 {Auch 15.g3 ist möglich:} (15. g3 Ne5 16.
Bxb5+ Ke7 17. Be3 Qd5 18. f3 f5 19. Be2 Bg7 20. Qd2 Ra4 21. Rad1 f4 22. Qc2
Rxd4 23. Bxd4 Nxf3+ 24. Bxf3 Bxd4+ 25. Kg2 Qd7 26. Qxh7 Qb5 27. Qh4+ Bf6 28.
Qxf4 Qxb2+ 29. Rf2 Qb6 30. Bxb7 Qxb7+ 31. Kg1 Rg6 32. Qd6+ Ke8 33. Rxf6 {
1-0 Riemersma,L-Serper,G/Tilburg 1994}) 15... Bd6 $6 {Dies erscheint zu passiv.
} (15... Bc5 16. Be3 Rg5 17. Bxb5 $2 (17. Kh1 Bxd4 18. Bxd4 $14) 17... Rd5 $1
18. Bc4 Rd6 19. Re1 Qb6 20. Kh1 Bxd4 21. Bf4 Be5 $19 {0-1 Tohidi,
M-Luechtemeier,P/Hessenliga 1993/GER 03 (66)}) 16. Bxb5 Qc7 17. Kh1 {Es ist
merkwürdig daß bis zum Ende "Azmai " die "Drohung " Bxd7 hinter der Hand
behält, aber sie nicht ausführt.} Qc5 (17... Bxh2 $4 18. Bxd7+ Kxd7 19. Nb5+
$18) 18. Be3 Qh5 19. Bg1 Bd5 20. Bc6 $1 Qg5 21. Qe2 $1 Bc4 {Hat Weiß etwas
übersehen? Der Laüfer ist wegen Matt auf g2 natürlich tabu aber mit einem
eleganten Zwischenzug macht Weiß klar daß er das Sagen hat.} 22. f4 $3 {
Hier wird scharf geschossen.} Qc5 $1 (22... Bxe2 23. fxg5 Bxf1 24. Bxa8 Bd3 25.
Rc1 $18) 23. Qd2 Rc8 (23... Bxf1 24. Bxa8 Bc4 25. Nxe6 $18) 24. Nf5 $1 (24. Nb5
$5) 24... Qxf5 25. Qxd6 $18 Rxc6 26. Qxc6 Bxf1 27. Rxf1 Qd3 28. Rf3 (28. Rf3 $1
Qg6 $8 29. Qa8+ Ke7 30. Qa3+ Ke8 31. Rg3 $1) 1-0